Nombre un país válido para cada moneda - Estadísticas

Estadísticas generales
  • Esta prueba ha sido intentada 61 veces
  • La puntuación promedio es 14 de 25
Estadísticas de respuestas
Moneda # País % Correcto
Dolar 33 Australia, Canadá, Estados Unidos...
100%
Euro 24 Francia, Grecia, Irlanda, Italia...
100%
Peso 8 Argentina, Chile, Colombia...
98%
Libra 7 Egipto, Líbano, Reino Unido...
96%
Franco 22 Malí, Níger, República Democrática del Congo...
93%
Yen 1 Japón
82%
Rupia 8 India, Indonesia, Maldivas...
80%
Bolívar 1 Venezuela
75%
Rublo 2 Bielorrusia, Rusia
73%
Yuan / Renminbi 1 China
68%
Corona 5 Dinamarca, Islandia, Noruega, República Checa, Suecia
68%
Won 2 Corea del Norte, Corea del Sur
64%
Real 1 Brasil
45%
Dírham 2 Emiratos Árabes Unidos, Marruecos
45%
Bitcoin 2 República Centroafricana, El Salvador
43%
Dinar 9 Argelia, Baréin, Irak, Jordania...
41%
Bat 1 Tailandia
41%
Đồng 1 Vietnam
41%
Esloti 1 Polonia
32%
Rial 5 Arabia Saudita, Irán, Omán, Catar, Yemen
27%
Rand 1 Sudáfrica
20%
Forint 1 Hungría
16%
Nuevo séquel 1 Israel
16%
Chelín 4 Kenia, Uganda, Somalia, Tanzania
13%
Oro 1 Zimbabue
2%
No se encontraron pruebas coincidentes
Distribución de puntuación
Porcentaje de gente con cada puntuación
Porcentaje por número respondido
Historial de tus puntuaciones
No has intentado esta prueba.